Statistics for City of Liverpool Quiz

Click here to take the quiz!

General Stats

  • This quiz has been taken 10,260 times
  • The average score is 10 of 15

Answer Stats

HintAnswer% Correct
What is the most famous rock group from Liverpool?The Beatles
99%
What city was connected to Liverpool by the world's first fully
steam-powered rail line, in 1830?
Manchester
87%
What event in Ireland caused the population of the city to swell in the 1840s?Irish Potato Famine
80%
What Liverpool street did that group famously sing about?{Penny} Lane
78%
What seaside resort is located about 20 miles north of Liverpool?{Black}pool
77%
What county is Liverpool a part of?{Mersey}side
76%
Other than Liverpool F.C., what other Premier League club is based in the city?Everton
74%
What song is the anthem of Liverpool F.C.?You'll Never Walk
Alone
72%
What major city would you find about 100 miles due west of Liverpool?Dublin
71%
A person from London is a Londoner. A person from Liverpool is a ....Liverpudlian
70%
Unless it's slang in which case he or she is a ...Scouser
70%
What Liverpool player captained England's national football team in 2012 and 2014?Steven Gerrard
63%
Which king signed a charter that started the settlement of Liverpool in 1207 AD?King John
45%
What word comes after Stanley, Royal Albert, Canada, and Brocklebank?Dock
36%
What Liverpool-based company owned the RMS Titanic?White Star Line
31%

Score Distribution

Percentile by Number Answered

Percent of People with Each Score

Your Score History

You have not taken this quiz